Städte Venezuelas - Statistiken

Allgemein
  • Dieses Quiz wurde 40 mal gespielt
  • Das Durchschnittsergebnis liegt bei 5 aus 20
Antwortstatistiken
Rang Einwohner Stadt % Korrekt
2 2.087.700 Caracas
100%
1 2.262.600 Maracaibo
72%
3 1.585.500 Valencia
52%
8 454.200 Barcelona
45%
4 1.089.100 Barquisimeto
24%
10 425.000 Ciudad Bolívar
24%
19 284.600 San Cristóbal
24%
5 893.400 Ciudad Guayana
21%
18 289.800 Mérida
21%
11 384.900 Cumana
14%
7 464.700 Maracay
14%
13 356.800 Barinas
10%
6 508.200 Maturín
10%
17 299.500 Puerto La Cruz
10%
16 299.700 Cabimas
7%
14 356.700 Acarigua
3%
20 244.600 Guarenas
3%
9 441.700 Petare
3%
15 309.400 Baruta
0%
12 379.500 Turmero
0%
Keine übereinstimmenden Quizze gefunden
Verteilung der Resultate
Anzahl Personen mit jedem Resultat
Perzentil nach korrekt beantworteten Fragen
Ihre Resultats-Entwicklung
Sie haben dieses Quiz noch nicht gespielt